| 000 -ლიდერი |
| ფიქსირებული სიგრძის საკონტროლო ველი |
01039nam a2200241Ia 4500 |
| 001 - საკონტროლო ნომერი |
| საკონტროლო ველი |
18179 |
| 003 - საკონტროლო ნომრის იდენტიფიკატორი |
| საკონტროლო ველი |
GE_BSU |
| 005 - ბოლო ოპერაციის თარიღი და დრო |
| საკონტროლო ველი |
20190919105250.0 |
| 008 - ფიქსირებული სიგრძის მონაცემთა ელემენტები - ზოგადი ინფორმაცია |
| ფიქსირებული სიგრძის საკონტროლო ველი |
181216s2016||||ge |||||||||||||| ||geo|| |
| 020 ## - წიგნის საერთაშორისო სტანდარტული ნომერი |
| International Standard Book Number |
9789941465192 |
| 040 ## - კატალოგიზაციის წყარო |
| Transcribing agency |
GE_BSU |
| 041 ## - ენის კოდი |
| Language code of text/sound track or separate title |
geo |
| 080 ## - უნივერსალური ათობითი კლასიფიკაციის ინდექსი |
| Universal Decimal Classification number |
61 ლ-28 |
| 100 ## - მთავარი ჩანაწერი - პიროვნების სახელი |
| Personal name |
ლაუნი, ბერნარდ . |
| 9 (RLIN) |
4100 |
| 245 ## - ცნობა სათაურის შესახებ |
| Title |
ექიმობის მივიწყებული ხელოვნება / |
| Statement of responsibility, etc |
ბერნარდ ლაუნი ; მთარგმნ : ჯ . ლეჟავა ; ლეჟავა , ი. |
| 264 ## - წარმოების, გამოცემის, დისტრიბუციის და სხვა ცნობები |
| გამოცემის, წარმოების, დისტრიბუციის... ადგილი |
თბილისი : |
| გამოცემის, წარმოების, დისტრიბუციის... სახელწოდება |
მწიგნობარი, |
| გამოცემის, წარმოების, დისტრიბუციის... თარიღი |
2016. |
| 300 ## - ფიზიკური აღწერა |
| Extent |
149 გვ .: |
| Dimensions |
25 სმ |
| 653 ## - INDEX TERM--UNCONTROLLED |
| Uncontrolled term |
ექიმობის მივიწყებული ხელოვნება |
| 653 ## - INDEX TERM--UNCONTROLLED |
| Uncontrolled term |
მედიცინა |
| 700 ## - ADDED ENTRY--PERSONAL NAME |
| Personal name |
ლეჟავ , ჯიმშერ |
| Relator term |
მთარგმნელი |
| 9 (RLIN) |
4101 |
| 700 ## - ADDED ENTRY--PERSONAL NAME |
| Personal name |
ლეჟავა ,იაკობ |
| Relator term |
მთარგმნელი |
| 9 (RLIN) |
4102 |
| 942 ## - ADDED ENTRY ELEMENTS (KOHA) |
| Koha item type |
წიგნი |
| Source of classification or shelving scheme |
|